Descriptive designs on stone and wood in india / (Record no. 135181)

MARC details
000 -LEADER
fixed length control field 00871nam a22002537a 4500
005 - DATE AND TIME OF LATEST TRANSACTION
control field 20170124110241.0
010 ## - LIBRARY OF CONGRESS CONTROL NUMBER
LC control number 923572
020 ## - INTERNATIONAL STANDARD BOOK NUMBER
Terms of availability 00.00
035 ## - SYSTEM CONTROL NUMBER
System control number 923572
037 ## - SOURCE OF ACQUISITION
Source of stock number/acquisition Cen Lib/Ret
040 ## - CATALOGING SOURCE
Original cataloging agency DPL
Language of cataloging EN
082 ## - DEWEY DECIMAL CLASSIFICATION NUMBER
Classification number 745.44954
Item number BHA
100 ## - MAIN ENTRY--PERSONAL NAME
Personal name Bhavani, Enakshi
9 (RLIN) 94973
245 ## - TITLE STATEMENT
Title Descriptive designs on stone and wood in india /
Statement of responsibility, etc by Enakshi Bhavani ; illustrated by Percy B. Bhathenna
246 ## - VARYING FORM OF TITLE
Remainder of title
260 ## - PUBLICATION, DISTRIBUTION, ETC. (IMPRINT)
Place of publication, distribution, etc Bombay
Name of publisher, distributor, etc Taraporevala Sons & Co.
Date of publication, distribution, etc 1978
270 ## - ADDRESS
City Bombay
Address 210, Dr. Dadabhai Naoroji road
300 ## - PHYSICAL DESCRIPTION
Extent viii, 67p. :
Dimensions 28cm(Hb)
Other physical details ill.
500 ## - GENERAL NOTE
General note Includes glossary, bibliographical references and index
650 ## - SUBJECT ADDED ENTRY--TOPICAL TERM
Topical term or geographic name as entry element Pictorial ornaments on stone -- History -- India
9 (RLIN) 94974
650 ## - SUBJECT ADDED ENTRY--TOPICAL TERM
Topical term or geographic name as entry element Richness of Sculpture
9 (RLIN) 94975
700 ## - ADDED ENTRY--PERSONAL NAME
Personal name Bhathenna, Percy B.
9 (RLIN) 94976
942 ## - ADDED ENTRY ELEMENTS (KOHA)
Source of classification or shelving scheme Dewey Decimal Classification
Koha item type English Books
Classification part 745.44954
Call number suffix BHA
Holdings
Withdrawn status Lost status Damaged status Not for loan Home library Current library Date acquired Source of acquisition Cost, normal purchase price Total Checkouts Full call number Barcode Date last seen Copy number Cost, replacement price Price effective from Koha item type
        Central Library Central Library 03/10/2015 Cen Lib/Ret 0.00   745.44954 BHA 923572 03/10/2015 1 0.00 03/10/2015 English Books

© Delhi Public Library
Hit Counter
free hit counter